000 00437nmm a2200157Ia 4500
008 251105s9999||||xx |||||||||||||||||und||
020 _a9789580613237
041 _aspa
100 _aGalvis, Hernando
245 0 _aSensación de amor
264 _a[Bogotá, Colombia] :
_bOveja Negra,
_c2015
300 _a134 páginas
650 _aLatin American narrative
856 _uhttps://public.digitaliapublishing.com/a/39852
942 _cCF
999 _c94967
_d94967